| 000 | 00475nam a22001457a 4500 | ||
|---|---|---|---|
| 003 | OSt | ||
| 005 | 20200904122122.0 | ||
| 008 | 200904b xxu||||| |||| 00| 0 eng d | ||
| 040 | _cMACL | ||
| 100 |
_aमदान,साक्षी _968320 |
||
| 245 | _aहमारी लोककथाऍं | ||
| 260 |
_aदिल्ली _bविज्ञान पुस्तक संसार _c2018 |
||
| 650 |
_aचिल्ड्रन बुक _9159 |
||
| 942 |
_2ddc _cHIN |
||
| 999 |
_c63120 _d63120 |
||